| 000 | 01106nam a22003257a 4500 | ||
|---|---|---|---|
| 001 | BR7900717 | ||
| 003 | BR-BrBNA | ||
| 005 | 20230928085920.0 | ||
| 007 | ta | ||
| 008 | 230509b bl.||||| |||| 00| 0 por d | ||
| 040 |
_aBR-BrBNA _bpor _cBiblioteca Nacional de Agricultura |
||
| 041 | _a(Por) | ||
| 072 |
_aH10 _b0230 _b4020 |
||
| 090 | _ 0230 BR7900717 | ||
| 100 | 1 | _aBotelho, P.S.M. | |
| 100 | 1 | _aMendes, A.C. | |
| 100 | 1 | _aMacedo, N. | |
| 110 | 1 | _aPrograma Nacional de Melhoramento da Cana-de-Acucar, Araras, SP (Brasil). Coordenadoria Regional Sul | |
| 111 | 1 |
_a1. Congresso Nacional da Sociedade dos Tecnicos Acucareiros do Brasil _cMaceio, AL (Brazil) _d21 Jan 1979 |
|
| 245 | 1 | _aProjeto piloto para producao de Tachinidae (Diptera)parasitos da broca da cana-de-acucar Ditraea spp. (Lep., Pyralidae)[Saccharum spp] | |
| 260 | 3 |
_aAraras, SP (Brasil): _c1979. |
|
| 300 | _a30 p. | ||
| 500 | _a33 ref.; Summaries (Eng, Por) | ||
| 650 | _aPraga de planta | ||
| 650 | _aCana de acucar | ||
| 650 | _aBroca | ||
| 650 | _aParasito | ||
| 909 |
_a202309 _bLucia _c55 _dLucia Elande |
||
| 942 | _cBK | ||
| 999 |
_c26993 _d26993 |
||